[Event "K41 Efteraars EMT Mesterklassen 2010"]
[Site "Valby"]
[Date "2010.09.07"]
[Round "1"]
[White "Jorgensen, Kasper Moller"]
[Black "Jorgensen, Rasmus"]
[Result "1-0"]
[WhiteElo "2043"]
[BlackElo "2091"]
[PlyCount "79"]
[EventDate "2010.??.??"]
[SourceDate "2010.09.10"]

1. e4 g6 2. d4 Bg7 3. Nf3 d6 4. Bc4 Nf6 5. Qe2 O-O 6. O-O Bg4 7. e5 dxe5 8.
dxe5 Nd5 9. Rd1 c6 10. h3 Bxf3 11. Qxf3 e6 12. Qg3 Qc7 13. f4 Nd7 14. Nc3 Nxc3
15. Qxc3 Rad8 16. Be3 Nb6 17. Bc5 Na4 18. Qa3 Nxc5 19. Qxc5 Bh6 20. g3 b6 21.
Qe3 Rfe8 22. Kg2 b5 23. Bd3 Rd5 24. c4 Rd7 25. b4 Red8 26. cxb5 cxb5 27. Rac1
Qb7+ 28. Be4 Qa6 29. Rxd7 Rxd7 30. a3 Qb6 31. Qxb6 axb6 32. Kf3 g5 33. Ke3 f5
34. exf6 gxf4+ 35. gxf4 e5 36. Rc6 Bxf4+ 37. Kf3 h5 38. Bg6 Bh6 39. Bf5 Rd8 40.
f7+ 1-0

[Event "K41 Efteraars EMT Mesterklassen 2010"]
[Site "Valby"]
[Date "2010.09.07"]
[Round "1"]
[White "Nielsen, John Holm"]
[Black "Nielsen, Michael"]
[Result "1/2-1/2"]
[WhiteElo "1975"]
[BlackElo "2060"]
[PlyCount "47"]
[EventDate "2010.??.??"]
[SourceDate "2010.09.10"]

1. Nc3 c5 2. Nf3 Nc6 3. d4 cxd4 4. Nxd4 Nf6 5. e4 e5 6. Ndb5 d6 7. Bg5 a6 8.
Na3 Be7 9. Bxf6 gxf6 10. Nd5 Be6 11. Nc4 b5 12. Nxe7 Kxe7 13. Ne3 Qa5+ 14. c3
b4 15. Qd2 bxc3 16. bxc3 Rac8 17. Be2 Na7 18. O-O Rc6 19. Rfd1 Nb5 20. Nd5+
Bxd5 21. Qxd5 Rc5 22. Qb7+ Rc7 23. Qd5 Rc5 24. Qb7+ 1/2-1/2

[Event "K41 Efteraars EMT Mesterklassen 2010"]
[Site "Valby"]
[Date "2010.09.14"]
[Round "2"]
[White "Ertbjerg, Per"]
[Black "Nielsen, John Holm"]
[Result "0-1"]
[WhiteElo "1970"]
[BlackElo "1975"]
[PlyCount "114"]
[EventDate "2010.??.??"]
[SourceDate "2010.09.10"]

1. d4 d5 2. c4 c6 3. Nf3 Nf6 4. Nc3 dxc4 5. a4 Bf5 6. Ne5 e6 7. f3 Bb4 8. e4
Bxe4 9. fxe4 Nxe4 10. Bd2 Qxd4 11. Nxe4 Qxe4+ 12. Qe2 Bxd2+ 13. Kxd2 Qd5+ 14.
Kc2 Na6 15. Nxc4 O-O-O 16. Qe5 f6 17. Qxd5 cxd5 18. Nd2 Nb4+ 19. Kb3 Nc6 20.
Rc1 Kb8 21. Nf3 e5 22. Bb5 Ne7 23. Rhd1 a6 24. Be2 Nf5 25. Rd2 d4 26. Bd3 Ne3
27. g3 g6 28. Rc5 Rhe8 29. Be2 Rd6 30. a5 Red8 31. Bd3 Rd5 32. Kb4 Rxc5 33.
Kxc5 Rd5+ 34. Kb4 Kc7 35. b3 Rd7 36. Bc4 Kd6 37. Bg8 Rc7 38. Bc4 Nd5+ 39. Ka3
Nc3 40. Kb4 Ne4 41. Rd1 f5 42. Ne1 Nc5 43. Nc2 Ke7 44. Ne1 Kf6 45. Nf3 d3 46.
Bxd3 Nxd3+ 47. Rxd3 e4 48. Re3 exf3 49. Rxf3 g5 50. Rd3 f4 51. g4 Ke5 52. Rd8
f3 53. Rf8 Ke4 54. Rf5 h6 55. Rf6 Ke3 56. Re6+ Kf2 57. Rxh6 Kg2 0-1

[Event "K41 Efteraars EMT Mesterklassen 2010"]
[Site "Valby"]
[Date "2010.09.14"]
[Round "2"]
[White "Jorgensen, Carina Eilegaard"]
[Black "Rasmussen, Uffe"]
[Result "0-1"]
[WhiteElo "2000"]
[BlackElo "2026"]
[PlyCount "110"]
[EventDate "2010.??.??"]
[SourceDate "2010.09.10"]

1. d4 Nf6 2. c4 e5 3. dxe5 Ng4 4. Nf3 Bc5 5. e3 Nc6 6. Nc3 O-O 7. Be2 Re8 8.
O-O Ngxe5 9. Nd4 d6 10. Ne4 Qe7 11. Nxc6 Nxc6 12. Nxc5 dxc5 13. Bd2 Be6 14. Bc3
a5 15. Qc2 a4 16. Qe4 f6 17. Bd3 g6 18. Rad1 Qf7 19. a3 Rad8 20. Be2 Rb8 21.
Qf4 Ne5 22. h4 b6 23. Bxe5 fxe5 24. Qe4 Bc8 25. Qc6 Bb7 26. Qxa4 Qf6 27. Qd7
Qxh4 28. Qg4 Qxg4 29. Bxg4 Rbd8 30. Bd7 Rf8 31. Be6+ Kg7 32. Bd5 Bxd5 33. cxd5
Kf6 34. e4 Ke7 35. g3 Rf7 36. Kg2 Rdf8 37. Rd2 Kd6 38. Rh1 h5 39. Rh4 Rf6 40.
Rh1 R8f7 41. Rc1 Rf3 42. Rc3 Rxc3 43. bxc3 g5 44. c4 Rf8 45. Rd3 b5 46. Rc3 c6
47. cxb5 cxb5 48. Rb3 Rb8 49. Rf3 b4 50. Rf6+ Kd7 51. axb4 cxb4 52. Rc6 b3 53.
Rc1 b2 54. Rb1 Kd6 55. Kf3 Kc5 0-1

[Event "K41 Efteraars EMT Mesterklassen 2010"]
[Site "Valby"]
[Date "2010.09.14"]
[Round "2"]
[White "Jorgensen, Rasmus"]
[Black "Nielsen, Michael"]
[Result "0-1"]
[WhiteElo "2091"]
[BlackElo "2060"]
[PlyCount "68"]
[EventDate "2010.??.??"]
[SourceDate "2010.09.10"]

1. e4 c5 2. Nc3 d6 3. f4 Nc6 4. Nf3 g6 5. Be2 Bg7 6. O-O Bg4 7. Kh1 e6 8. e5 d5
9. Nb5 Bf8 10. b3 Nh6 11. Bb2 Nf5 12. c4 a6 13. Nc3 Bg7 14. cxd5 exd5 15. Qe1
b6 16. h3 h5 17. Nxd5 Qxd5 18. Bc4 Bxf3 19. Bxd5 Bxd5 20. Kg1 h4 21. Bc3 O-O
22. Qf2 Rfd8 23. Rfe1 Be6 24. a3 Ncd4 25. Bxd4 Rxd4 26. b4 Bf8 27. Qf3 Bd5 28.
Qe2 cxb4 29. axb4 Bxb4 30. Red1 Bc5 31. Kh2 a5 32. Rac1 a4 33. Rc3 a3 34. d3 a2
0-1

[Event "K41 Efteraars EMT Mesterklassen 2010"]
[Site "Valby"]
[Date "2010.09.21"]
[Round "3"]
[White "Nielsen, Michael"]
[Black "Ertbjerg, Per"]
[Result "1/2-1/2"]
[WhiteElo "2060"]
[BlackElo "1970"]
[PlyCount "60"]
[EventDate "2010.??.??"]
[SourceDate "2010.09.10"]

1. e4 c5 2. b4 cxb4 3. a3 e5 4. Nf3 Nc6 5. axb4 Bxb4 6. c3 Ba5 7. Bb5 Nge7 8.
O-O O-O 9. d4 exd4 10. cxd4 d5 11. e5 Bg4 12. Ba3 Re8 13. Qa4 a6 14. Bd3 Rc8
15. Bc5 Ng6 16. Nbd2 Bxd2 17. Nxd2 Ncxe5 18. dxe5 Nxe5 19. Ba3 Rc3 20. Bb1 Nc4
21. Nxc4 Rxc4 22. Qb3 Be2 23. Re1 b5 24. Bd3 Bxd3 25. Qxd3 Re6 26. Bb2 Qe8 27.
Red1 Ree4 28. Bc3 d4 29. Bd2 h6 30. f3 Re2 1/2-1/2

[Event "K41 Efteraars EMT Mesterklassen 2010"]
[Site "Valby"]
[Date "2010.09.21"]
[Round "3"]
[White "Rasmussen, Uffe"]
[Black "Jorgensen, Kasper Moller"]
[Result "1-0"]
[WhiteElo "2026"]
[BlackElo "2043"]
[PlyCount "97"]
[EventDate "2010.??.??"]
[SourceDate "2010.09.10"]

1. d4 Nf6 2. c4 e6 3. Nf3 b6 4. g3 Ba6 5. Qc2 d5 6. cxd5 exd5 7. Bg2 Bd6 8. Nc3
O-O 9. O-O Nbd7 10. Qf5 c6 11. Bf4 g6 12. Qg5 Be7 13. Qh6 Ng4 14. Qh3 h5 15.
Rfe1 Ndf6 16. Bh1 c5 17. Ne5 Rc8 18. e3 Bb7 19. dxc5 bxc5 20. Rad1 Qb6 21. Nxd5
Bxd5 22. Bxd5 Qxb2 23. Nxg4 Nxg4 24. Qf1 g5 25. Rb1 Qf6 26. Qh3 gxf4 27. exf4
Qg6 28. Be4 Qf6 29. Qxh5 Nh6 30. Rb7 Bd6 31. Bd5 Rc7 32. g4 Rxb7 33. g5 Qg7 34.
Bxb7 Nf5 35. Be4 Nd4 36. Bd5 Bxf4 37. g6 Ne6 38. Kh1 Nc7 39. gxf7+ Rxf7 40.
Bxf7+ Qxf7 41. Rg1+ Kf8 42. Qh8+ Ke7 43. Rg7 Ne6 44. Rxf7+ Kxf7 45. Qh7+ Kf6
46. Qxa7 Ke5 47. Qa6 Kd5 48. Qb7+ Ke5 49. f3 1-0

[Event "K41 Efteraars EMT Mesterklassen 2010"]
[Site "Valby"]
[Date "2010.09.21"]
[Round "3"]
[White "Skjoldager, Mikael"]
[Black "Jorgensen, Rasmus"]
[Result "0-1"]
[WhiteElo "1963"]
[BlackElo "2091"]
[PlyCount "78"]
[EventDate "2010.??.??"]
[SourceDate "2010.09.10"]

1. e4 e5 2. Nf3 Nc6 3. Bb5 a6 4. Ba4 Nf6 5. O-O Be7 6. Re1 b5 7. Bb3 d6 8. c3
O-O 9. h3 Na5 10. Bc2 c5 11. d4 Qc7 12. Nbd2 Nc6 13. d5 Nd8 14. Nf1 Ne8 15. Ng3
g6 16. a4 Rb8 17. Nh2 f6 18. axb5 axb5 19. b3 Ng7 20. Ng4 Nf7 21. Nh6+ Nxh6 22.
Bxh6 Rf7 23. Qb1 Bd8 24. Be3 f5 25. exf5 Nxf5 26. Nxf5 gxf5 27. f4 e4 28. b4
Bf6 29. Ra3 c4 30. Qd1 Bb7 31. g4 Rg7 32. g5 Qf7 33. Kf2 Bxg5 34. fxg5 f4 35.
Bxe4 fxe3+ 36. Kxe3 Rf8 37. Qf3 Qe7 38. Qg4 Rxg5 39. Kd2 Rxg4 0-1

[Event "K41 Efteraars EMT Mesterklassen 2010"]
[Site "Valby"]
[Date "2010.09.28"]
[Round "4"]
[White "Jorgensen, Kasper Moller"]
[Black "Nielsen, John Holm"]
[Result "1-0"]
[WhiteElo "2043"]
[BlackElo "1975"]
[PlyCount "49"]
[EventDate "2010.??.??"]
[SourceDate "2010.09.10"]

1. e4 c6 2. d4 d5 3. Nd2 dxe4 4. Nxe4 Bf5 5. Ng3 Bg6 6. Bc4 e6 7. N1e2 Nf6 8.
O-O Bd6 9. f4 Qd7 10. Bd3 Bxd3 11. Qxd3 g6 12. f5 exf5 13. Bg5 Be7 14. Rae1 Na6
15. Nxf5 gxf5 16. Rxf5 Nd5 17. Nf4 O-O-O 18. Bxe7 Nxe7 19. Rxf7 Rde8 20. d5 Nb4
21. Qd4 Nxc2 22. Qxh8 Rxh8 23. Rexe7 Qg4 24. Rc7+ Kd8 25. Ne6+ 1-0

[Event "K41 Efteraars EMT Mesterklassen 2010"]
[Site "Valby"]
[Date "2010.09.28"]
[Round "4"]
[White "Jorgensen, Rasmus"]
[Black "Ertbjerg, Per"]
[Result "1-0"]
[WhiteElo "2091"]
[BlackElo "1970"]
[PlyCount "95"]
[EventDate "2010.??.??"]
[SourceDate "2010.09.10"]

1. e4 c5 2. Nc3 Nc6 3. f4 g6 4. Nge2 Bg7 5. g3 d6 6. Bg2 Nf6 7. d3 Qb6 8. h3
Bd7 9. Be3 e6 10. Qd2 Nd4 11. O-O Bc6 12. Rab1 a5 13. a4 Nxe2+ 14. Qxe2 Nh5 15.
Qf2 f5 16. e5 Bxg2 17. Kxg2 Qc6+ 18. Kh2 dxe5 19. Bxc5 exf4 20. gxf4 Nxf4 21.
Rbe1 Nd5 22. Nb5 Rd8 23. c4 Nc7 24. Bb6 Nxb5 25. Bxd8 Nd4 26. Bxa5 Qxa4 27. Bc3
Qd7 28. Qf4 O-O 29. Re5 Nc6 30. Re3 e5 31. Qf3 e4 32. dxe4 fxe4 33. Qg2 Rxf1
34. Qxf1 Bxc3 35. Rxc3 Ne5 36. Qf4 Qd4 37. c5 Nd3 38. c6 bxc6 39. Qb8+ Kg7 40.
Qg3 c5 41. Rb3 Nb4 42. Qc3 Nc6 43. Rb6 Ne5 44. Qxd4 cxd4 45. Rd6 d3 46. Re6 Nc4
47. Re7+ Kf6 48. Rxh7 1-0

[Event "K41 Efteraars EMT Mesterklassen 2010"]
[Site "Valby"]
[Date "2010.10.05"]
[Round "5"]
[White "Nielsen, John Holm"]
[Black "Skjoldager, Mikael"]
[Result "1/2-1/2"]
[WhiteElo "1975"]
[BlackElo "1963"]
[PlyCount "56"]
[EventDate "2010.??.??"]
[SourceDate "2010.09.10"]

1. Nc3 d5 2. e4 dxe4 3. Nxe4 Bf5 4. Qf3 Bxe4 5. Qxe4 c6 6. Bc4 Nf6 7. Qe2 e6 8.
Nf3 Nbd7 9. d4 Bd6 10. O-O O-O 11. Re1 Qc7 12. Ne5 c5 13. c3 cxd4 14. cxd4 Nxe5
15. dxe5 Bxe5 16. Qxe5 Qxc4 17. Bg5 Nd7 18. Qg3 f6 19. b3 Qa6 20. Rad1 fxg5 21.
Rxd7 Qxa2 22. Qe3 Rf6 23. Rxb7 Raf8 24. f3 g4 25. Qxa7 Qxa7+ 26. Rxa7 gxf3 27.
gxf3 Rxf3 28. Rxe6 Rf1+ 1/2-1/2

[Event "K41 Efteraars EMT Mesterklassen 2010"]
[Site "Valby"]
[Date "2010.10.05"]
[Round "5"]
[White "Nielsen, Michael"]
[Black "Jorgensen, Kasper Moller"]
[Result "1/2-1/2"]
[WhiteElo "2060"]
[BlackElo "2043"]
[PlyCount "80"]
[EventDate "2010.??.??"]
[SourceDate "2010.09.10"]

1. d4 Nf6 2. Bg5 Ne4 3. Bf4 d5 4. Nd2 Bf5 5. Ngf3 e6 6. e3 Be7 7. Nxe4 Bxe4 8.
Bd3 Bxd3 9. Qxd3 Nd7 10. c3 c6 11. h3 a5 12. O-O O-O 13. b3 Qb6 14. Rfd1 h6 15.
c4 a4 16. Rab1 a3 17. c5 Qa6 18. b4 b5 19. Rb3 Ra7 20. Nd2 Bf6 21. Bd6 Rfa8 22.
f4 Qb7 23. g4 Nf8 24. Bxf8 Rxf8 25. Nf3 Qc7 26. Rf1 g5 27. Ne5 gxf4 28. exf4
Bg7 29. Re1 f5 30. Qg3 Kh7 31. g5 Bxe5 32. g6+ Kg7 33. fxe5 Qe7 34. h4 f4 35.
Qh3 Kxg6 36. Rf1 Kh7 37. Rbf3 Qg7+ 38. Kh2 Qg6 39. h5 Qf5 40. R1f2 Raf7 1/2-1/2

[Event "K41 Efteraars EMT Mesterklassen 2010"]
[Site "Valby"]
[Date "2010.10.05"]
[Round "5"]
[White "Rasmussen, Uffe"]
[Black "Jorgensen, Rasmus"]
[Result "1/2-1/2"]
[WhiteElo "2026"]
[BlackElo "2091"]
[PlyCount "37"]
[EventDate "2010.??.??"]
[SourceDate "2010.09.10"]

1. e4 g6 2. d4 Bg7 3. Nc3 d6 4. f4 a6 5. Nf3 b5 6. Bd3 Bb7 7. e5 Nd7 8. Be4 Qc8
9. Qe2 f5 10. Bxb7 Qxb7 11. Ng5 Nf8 12. Be3 Nh6 13. O-O-O Ng4 14. h3 Nxe3 15.
Qxe3 dxe5 16. fxe5 h6 17. Nf3 O-O-O 18. d5 Nd7 19. d6 1/2-1/2

[Event "K41 Efteraars EMT Mesterklassen 2010"]
[Site "Valby"]
[Date "2010.10.12"]
[Round "6"]
[White "Jorgensen, Kasper Moller"]
[Black "Ertbjerg, Per"]
[Result "1-0"]
[WhiteElo "2043"]
[BlackElo "1970"]
[PlyCount "59"]
[EventDate "2010.??.??"]
[SourceDate "2010.09.10"]

1. e4 c5 2. Nf3 Nc6 3. d4 cxd4 4. Nxd4 Nf6 5. Nc3 d6 6. Bg5 e6 7. Qd2 Be7 8.
O-O-O O-O 9. Nb3 a6 10. Bxf6 Bxf6 11. Qxd6 Qb6 12. f4 Bxc3 13. bxc3 Rd8 14. Qc5
Rxd1+ 15. Kxd1 Qc7 16. g3 b6 17. Qe3 Bb7 18. Kc1 Rc8 19. Be2 a5 20. Rd1 a4 21.
Nd4 Nxd4 22. Rxd4 Qc5 23. Kd2 Qa3 24. Bc4 Qb2 25. Qd3 h6 26. Rd8+ Rxd8 27.
Qxd8+ Kh7 28. Bd3 Bc6 29. e5+ g6 30. Qf8 1-0

[Event "K41 Efteraars EMT Mesterklassen 2010"]
[Site "Valby"]
[Date "2010.10.12"]
[Round "6"]
[White "Jorgensen, Rasmus"]
[Black "Jorgensen, Carina Eilegaard"]
[Result "1-0"]
[WhiteElo "2091"]
[BlackElo "2000"]
[PlyCount "75"]
[EventDate "2010.??.??"]
[SourceDate "2010.09.10"]

1. e4 c6 2. d4 d5 3. e5 Bf5 4. Nc3 e6 5. g4 Bg6 6. Nge2 h6 7. Be3 Nd7 8. Bg2 c5
9. O-O cxd4 10. Bxd4 Ne7 11. Nf4 Bh7 12. Re1 Nc6 13. Ncxd5 Nxd4 14. Qxd4 Bc5
15. Qa4 O-O 16. Nc3 Qc7 17. Nd3 Bxd3 18. cxd3 Nxe5 19. Qf4 f6 20. d4 Bd6 21.
dxe5 Bxe5 22. Qe4 Bxh2+ 23. Kh1 Be5 24. Rad1 Rad8 25. Qxb7 Qc5 26. Ne4 Qc2 27.
Rxd8 Rxd8 28. Qb3 Qxb2 29. Qxe6+ Kh8 30. Qe7 Qd4 31. Bf3 a5 32. Kg2 Rb8 33. Rd1
Qa4 34. Rd8+ Rxd8 35. Qxd8+ Kh7 36. Nc5 Qxa2 37. Be4+ g6 38. Bd5 1-0

[Event "K41 Efteraars EMT Mesterklassen 2010"]
[Site "Valby"]
[Date "2010.10.12"]
[Round "6"]
[White "Rasmussen, Uffe"]
[Black "Nielsen, John Holm"]
[Result "1-0"]
[WhiteElo "2026"]
[BlackElo "1975"]
[PlyCount "45"]
[EventDate "2010.??.??"]
[SourceDate "2010.09.10"]

1. e4 e5 2. Bc4 Nf6 3. Nc3 Nc6 4. d3 d6 5. f4 Bg4 6. Nf3 Nd4 7. O-O Qd7 8. Be3
Nxf3+ 9. gxf3 Bh3 10. Rf2 exf4 11. Bxf4 O-O-O 12. Be3 a6 13. b4 Be6 14. b5 Bxc4
15. dxc4 axb5 16. cxb5 d5 17. Qd4 b6 18. Qa4 Kb8 19. e5 Qe6 20. Ne2 Qxe5 21.
Nd4 Kc8 22. Qa8+ Kd7 23. Qxd8+ 1-0

[Event "K41 Efteraars EMT Mesterklassen 2010"]
[Site "Valby"]
[Date "2010.10.12"]
[Round "6"]
[White "Skjoldager, Mikael"]
[Black "Nielsen, Michael"]
[Result "0-1"]
[WhiteElo "1963"]
[BlackElo "2060"]
[PlyCount "80"]
[EventDate "2010.??.??"]
[SourceDate "2010.09.10"]

1. e4 e6 2. d4 d5 3. Nc3 dxe4 4. Nxe4 Bd7 5. Nf3 Bc6 6. Ned2 Nd7 7. Bd3 Ngf6 8.
O-O Bd6 9. b3 O-O 10. Nc4 Be7 11. Bb2 Be4 12. Re1 Bxd3 13. Qxd3 c5 14. Rad1 Qc7
15. Nce5 Rad8 16. Nxd7 Rxd7 17. Ne5 Rdd8 18. Qc4 Bd6 19. dxc5 Bxe5 20. Rxd8
Bxh2+ 21. Kh1 Rxd8 22. Bxf6 gxf6 23. g3 Rd2 24. Re2 Rxe2 25. Qxe2 Bxg3 26. Qg4+
Kf8 27. Qxg3 Qxc5 28. Qb8+ Kg7 29. Qxb7 Qxf2 30. c4 f5 31. Qc7 f4 32. Qe5+ Kg6
33. c5 f3 34. Qe4+ Kg5 35. Qe5+ f5 36. Qg7+ Kf4 37. Qh6+ Ke5 38. Qg7+ Ke4 39.
Qb7+ Ke3 40. Qg7 Qh4+ 0-1

[Event "K41 Efteraars EMT Mesterklassen 2010"]
[Site "Valby"]
[Date "2010.10.26"]
[Round "7"]
[White "Ertbjerg, Per"]
[Black "Skjoldager, Mikael"]
[Result "1-0"]
[WhiteElo "1970"]
[BlackElo "1963"]
[PlyCount "41"]
[EventDate "2010.??.??"]
[SourceDate "2010.09.10"]

1. d4 Nf6 2. c4 g6 3. Nc3 d5 4. cxd5 Nxd5 5. e4 Nxc3 6. bxc3 Bg7 7. Bc4 c5 8.
Ne2 Nc6 9. Be3 O-O 10. Rc1 Bd7 11. h4 Na5 12. Bd3 b5 13. h5 Nc4 14. hxg6 hxg6
15. Bxc4 bxc4 16. Qd2 e6 17. Bh6 cxd4 18. cxd4 Rc8 19. e5 g5 20. Bxg5 c3 21.
Qd3 1-0

[Event "K41 Efteraars EMT Mesterklassen 2010"]
[Site "Valby"]
[Date "2010.10.26"]
[Round "7"]
[White "Nielsen, John Holm"]
[Black "Jorgensen, Rasmus"]
[Result "1-0"]
[WhiteElo "1975"]
[BlackElo "2091"]
[PlyCount "63"]
[EventDate "2010.??.??"]
[SourceDate "2010.09.10"]

1. Nc3 g6 2. e4 Bg7 3. d4 d6 4. f4 a6 5. Nf3 b5 6. Bd3 Nd7 7. a4 b4 8. Ne2 Bb7
9. O-O c5 10. c3 Ngf6 11. Ng3 d5 12. e5 Ne4 13. Qe1 bxc3 14. bxc3 Nxg3 15. Qxg3
O-O 16. f5 a5 17. fxg6 fxg6 18. Be3 Ba6 19. Bb5 Bxb5 20. axb5 Qb6 21. Qh3 cxd4
22. cxd4 Rf5 23. Ng5 Rxg5 24. Qxd7 Rxe5 25. dxe5 Qxe3+ 26. Kh1 Qxe5 27. Rae1
Qd6 28. Rxe7 Qxd7 29. Rxd7 a4 30. b6 a3 31. Ra7 Rb8 32. b7 1-0

[Event "K41 Efteraars EMT Mesterklassen 2010"]
[Site "Valby"]
[Date "2010.10.26"]
[Round "7"]
[White "Nielsen, Michael"]
[Black "Rasmussen, Uffe"]
[Result "0-1"]
[WhiteElo "2060"]
[BlackElo "2026"]
[PlyCount "50"]
[EventDate "2010.??.??"]
[SourceDate "2010.09.10"]

1. d4 e6 2. Nf3 f5 3. g3 Nf6 4. Bg2 Be7 5. O-O O-O 6. c4 d6 7. Nc3 Qe8 8. e3
Nbd7 9. b3 e5 10. dxe5 dxe5 11. Nb5 Bd8 12. Ba3 e4 13. Nfd4 Rf7 14. Nxf5 a6 15.
Nc3 Ne5 16. Nd4 Bg4 17. Qc2 Nf3+ 18. Kh1 Qe5 19. Nce2 c5 20. h3 cxd4 21. exd4
Qh5 22. Nf4 Qh6 23. h4 Nxh4 24. gxh4 Qxf4 25. Bc1 Qd6 0-1